El empleo y la educación para los jóvenes /
Estudio que trata sobre la fuerza de trabajo de los jóvenes en los tres sectores económicos en México y la relación estrecha que existe con la educación, pues este último constituye un factor que determina la inserción de los jóvenes en el mercado laboral, y que puede facilitar o complicar su acceso...
I tiakina i:
| Kaituhi matua: | |
|---|---|
| Ētahi atu kaituhi: | |
| Hōputu: | Pukapuka |
| Reo: | Pāniora |
| Rangatū: | (Empleo ;
2) |
| Ngā marau: | |
| Ngā Tūtohu: |
Kāore He Tūtohu, Me noho koe te mea tuatahi ki te tūtohu i tēnei pūkete!
|
MARC
| LEADER | 00000nam^a2200000^a^4500 | ||
|---|---|---|---|
| 001 | 000187467 | ||
| 005 | 20250521000000.0 | ||
| 009 | 20260310102301.768 | ||
| 037 | |a Acervo ITESO - Biblioteca | ||
| 041 | |a ESP | ||
| 082 | |a 370. 1170972 |b MOR | ||
| 100 | |a Moreno Uriegas, María de los Angeles |e (coord.) | ||
| 245 | 1 | 3 | |a El empleo y la educación para los jóvenes / |c Coord. de M.A. Moreno Uriegas, I. Zamarrón Garza. |
| 264 | |a México : |b Consejo Nacional de Recursos para la Atención de la Juventud : |b Secretaría del Trabajo y Previsión Social, |c 1982 | ||
| 300 | |a 88 p. | ||
| 336 | |a texto |b txt |2 rdacontenido | ||
| 337 | |a sin mediación |b n |2 rdamedio | ||
| 338 | |a volumen |b nc |2 rdasoporte | ||
| 440 | 1 | |a (Empleo ; |v 2) | |
| 520 | |a Estudio que trata sobre la fuerza de trabajo de los jóvenes en los tres sectores económicos en México y la relación estrecha que existe con la educación, pues este último constituye un factor que determina la inserción de los jóvenes en el mercado laboral, y que puede facilitar o complicar su acceso a empleos remunerados. Al final del estudio se agrega un anexo estadístico que da cuenta de la población económicamente activa joven de los años setentas, los sectores en que se desempeñan y el grado de instrucción de los mismos. | ||
| 649 | |a XX | ||
| 650 | |a Jóvenes - |z México - |x Condiciones Laborales | ||
| 650 | |a Inserción y Reinserción Laboral - |z México | ||
| 650 | |a Empleo y Desempleo - |z México | ||
| 650 | |a Mercado de Trabajo - |z México | ||
| 650 | |a Trabajo - |z México | ||
| 650 | |a Sectores Económicos - |z México | ||
| 650 | |a Sector Productivo y Educación - |z México | ||
| 650 | |a Educación Técnica | ||
| 650 | |a Educación y Trabajo - |z México - |x Tema Principal | ||
| 650 | |a Educación y Sociedad - |z México | ||
| 650 | |a Población Económicamente Activa - |z México - |x Estadísticas | ||
| 650 | |a Educación - |z México - |x Estadísticas | ||
| 650 | |a Economía Laboral - |z México - |x Historia - |y 1970-1979 | ||
| 650 | |a Economía Laboral - |z México - |x Historia - |y Siglo XX | ||
| 650 | |a Educación - |z México - |x Historia - |y 1970-1979 | ||
| 650 | |a Educación - |z México - |x Historia - |y Siglo XX | ||
| 700 | |a Zamarrón Garza, Ignacio |e (coordinación) | ||
| 910 | |a Fondo General | ||
| 920 | |a Impresos - Libros | ||
| 930 | |a Colección General | ||
| 905 | |a 101 | ||
| 901 | |a 0500129878 |b IT1 |c ACC |u 20250521 | ||
| 902 | |a https://opac.biblio.iteso.mx/vufind/Record/000187467 | ||